000 00473nam a2200157Ia 4500
005 20240606024928.0
008 240331s9999 xx 000 0 und d
082 _bINC
_a363
100 _aSouth Asian regional workshop
245 0 _aIncreasing the participation of women in housing development :
_bSouth Asian regional workshop
260 _aColombo
_bSri Lanka Foundation Institute
_c1987
300 _a134 p.,
650 _aWomen
650 _aDevelopment
942 _cL
999 _c2957
_d2957